Abbreviations as a Modern Phenomenon in Business Jargon

Anglický jazyk používaný v podnikateľskom prostredí, ovplyvnený využívaním nových komunikačných technológií, ale aj rastom ekonomizácie jazyka vo všeobecnosti, sa radikálne mení. Na vytvorenie spoľahlivého základu pre jazykové kurzy obchodnej angličtiny je potrebný výskum lexikálnych, syntaktických...

ver descrição completa

Na minha lista:
Detalhes bibliográficos
Autor principal: Kapráliková, Ivana, 1974-
Formato: Capítulo de Livro
Idioma:inglês
Assuntos:
Tags: Adicionar Tag
Sem tags, seja o primeiro a adicionar uma tag!

MARC

LEADER 00000naa$a2200000$$$4500
001 0307946
005 20250402083854.8
041 0 |a eng 
044 |a CZ 
245 1 0 |a Abbreviations as a Modern Phenomenon in Business Jargon  |c Ivana Kapráliková 
520 |a Anglický jazyk používaný v podnikateľskom prostredí, ovplyvnený využívaním nových komunikačných technológií, ale aj rastom ekonomizácie jazyka vo všeobecnosti, sa radikálne mení. Na vytvorenie spoľahlivého základu pre jazykové kurzy obchodnej angličtiny je potrebný výskum lexikálnych, syntaktických a diskurzných charakteristík registra angličtiny používaného v súčasnom obchodnom žargóne. Predkladaná analýza si kladie za cieľ porozumieť abreviačným procesom v súčasnej obchodnej komunikácii do tej miery, ktorú možno študentom kurzu obchodnej angličtiny podať čo najautentickejším spôsobom. 
610 2 0 |a jazykoveda 
610 2 0 |a jazyky cudzie 
610 2 0 |a jazyk obchodný 
610 2 0 |a technológie komunikačné 
610 2 0 |a podnikanie 
610 2 0 |a angličtina 
100 1 |a Kapráliková, Ivana, 1974-